[Event "SVK-chT2B 2122"]
[Site "Slovakia"]
[Date "2022.05.01"]
[Round "11.4"]
[White "Ostruzlik, Marek"]
[Black "Fabik, Tomas"]
[Result "1/2-1/2"]
[WhiteElo "2000"]
[BlackElo "1884"]
[PlyCount "54"]
[EventDate "2021.10.16"]
[EventType "team-tourn"]
[EventRounds "11"]
[EventCountry "SVK"]
[SourceTitle "EXT 2023"]
[Source "ChessBase"]
[SourceDate "2022.10.05"]
[SourceVersion "1"]
[SourceVersionDate "2022.10.05"]
[SourceQuality "1"]
[WhiteTeam "Surany"]
[BlackTeam "Topolcany II"]
[WhiteTeamCountry "SVK"]
[BlackTeamCountry "SVK"]

1. d4 Nf6 2. c4 g6 3. Nc3 Bg7 4. e4 d6 5. Bd3 0-0 6. Nge2 Nbd7 7. 0-0 c5 8. d5 Ne5 9. f4 Nxd3 10. Qxd3 Ne8 11. f5 e6 12. fxe6 fxe6 13. Rxf8+ Kxf8 14. dxe6 Bxe6 15. Bf4 a6 16. Rd1 Qe7 17. b3 Rd8 18. h3 Kg8 19. Na4 Rd7 20. Nb6 Rd8 21. e5 Bf5 22. Qd5+ Kh8 23. Ng3 Nc7 24. exd6 Qh4 25. Nxf5 Nxd5 26. Nxh4 Nxf4 27. Re1 Bf6 1/2-1/2

[Event "Oravska Priehrada op"]
[Site "Namestovo"]
[Date "2017.08.26"]
[Round "2"]
[White "Souralova, Jana"]
[Black "Ostruzlik, Marek"]
[Result "0-1"]
[WhiteElo "1000"]
[BlackElo "1957"]
[PlyCount "54"]
[EventDate "2017.08.25"]
[EventType "swiss"]
[EventRounds "7"]
[EventCountry "SVK"]
[SourceTitle "CBM 180 Extra"]
[Source "ChessBase"]
[SourceDate "2017.10.06"]
[SourceVersion "1"]
[SourceVersionDate "2017.10.06"]
[SourceQuality "1"]

1. e4 c6 2. Nf3 d5 3. exd5 cxd5 4. Bb5+ Nc6 5. Nc3 e6 6. Ne5 Bd7 7. Bxc6 Bxc6 8. Nxc6 bxc6 9. d4 Bd6 10. 0-0 Nf6 11. Bg5 Qc7 12. Bxf6 Bxh2+ 13. Kh1 gxf6 14. Qh5 Bd6 15. Kg1 0-0-0 16. Rae1 Rdg8 17. Qf3 Rg6 18. g3 h5 19. Ne2 h4 20. g4 f5 21. Kh1 fxg4 22. Qg2 g3 23. fxg3 hxg3+ 24. Kg1 Rh2 25. Qf3 g2 26. Ng3 Rxg3 27. Qf2 Rh1# 0-1

[Event "Oravska Priehrada op"]
[Site "Oravska Priehrada"]
[Date "2013.08.10"]
[Round "3"]
[White "Ostruzlik, Marek"]
[Black "Nicolini, Alexander"]
[Result "0-1"]
[WhiteElo "2052"]
[BlackElo "2133"]
[PlyCount "92"]
[EventDate "2013.08.09"]
[EventType "swiss"]
[EventRounds "7"]
[EventCountry "SVK"]
[SourceTitle "CBM 155 Extra"]
[Source "ChessBase"]
[SourceDate "2013.08.26"]
[SourceVersion "1"]
[SourceVersionDate "2013.08.26"]
[SourceQuality "1"]

1. d4 f5 2. c4 Nf6 3. Nc3 g6 4. Nf3 Bg7 5. g3 0-0 6. Bg2 d6 7. 0-0 Qe8 8. d5 a5 9. Nd4 Na6 10. Bd2 Nc5 11. Nb3 Nce4 12. Nb5 Qd7 13. Bxa5 c6 14. Nc3 e6 15. f3 Nxc3 16. Bxc3 exd5 17. cxd5 Nxd5 18. Bxg7 Qxg7 19. Qd2 f4 20. Rfe1 g5 21. g4 Qe5 22. a3 Ra4 23. Nc1 Ne3 24. Nd3 Qd4 25. Kh1 Be6 26. Rac1 c5 27. Qc3 Kg7 28. Nf2 Bd5 29. Qxd4+ Rxd4 30. Nd1 Kf6 31. Nxe3 fxe3 32. Rc3 Re8 33. Kg1 b6 34. Kf1 Re5 35. Rec1 Ke6 36. Ke1 h5 37. h3 h4 38. Rd1 Rxd1+ 39. Kxd1 b5 40. f4 gxf4 41. Bf3 Bxf3 42. exf3 Rd5+ 43. Ke1 Rd2 44. a4 Rxb2 45. axb5 Rxb5 46. Rc4 Rb4 0-1